000 00874nam a2200241Ia 4500
003 CO-CtgCURN
005 20250407185034.0
008 190722s9999 xx 000 0 und d
020 _a9586164179
040 _aCO-CtgCURN
_bspa
_ccoctgcurn
082 _a340.1
_bW231
100 _aWalter, Robert
_eautor
_94923
245 0 _aLa doctrina del derecho de Hans Kelsen /
_cRobert Walker; traducción., Luis Villar Borda
260 _aBogotá, Colombia :
_bUniversidad Externado de Colombia,
_c1999
300 _a94 páginas ;
_c17 centímetros
490 _aTeoria Juridica y Filosofia del Derecho;
_v13
521 _aAREA PROFESIONAL
590 _aPrograma de Derecho_18
650 _aDerecho
_94924
700 _aVillar Borda, Luis
_etraductor
_94925
942 _cBK
_h340.1
_iW231
_2ddc
_n0
999 _c28132
_d28132